Entry Personal Name
Number of records used in: 1
001 - CONTROL NUMBER
003 - CONTROL NUMBER IDENTIFIER
005 - DATE AND TIME OF LATEST TRANSACTION
- control field:
20221006151110.0
008 - FIXED-LENGTH DATA ELEMENTS
- fixed length control field:
831028n| acannaab| |a aaa |||
010 ## - LIBRARY OF CONGRESS CONTROL NUMBER
- LC control number:
n 83191646
040 ## - CATALOGING SOURCE
- Original cataloging agency:
DLC
- Transcribing agency:
DLC
- Modifying agency:
DLC
100 10 - HEADING--PERSONAL NAME
- Personal name:
Branen, Alfred Larry,
- Dates associated with a name:
1945-
400 10 - SEE FROM TRACING--PERSONAL NAME
- Personal name:
Branen, A. Larry
- Fuller form of name:
(Alfred Larry),
- Dates associated with a name:
1945-
670 ## - SOURCE DATA FOUND
- Source citation:
Antimicrobials in foods, c1983 (a.e.)
- Information found:
CIP t.p. (Alfred Larry Branen, Univ. of Idaho, Moscow) data sheet (b. 1-5-45)
670 ## - SOURCE DATA FOUND
- Source citation:
Food additives, c1989:
- Information found:
CIP t.p. (A. Larry Branen)